000 00564nam a2200181Ia 4500
008 240729s9999 xx 000 0 und d
022 _a2636-1558
245 0 _aInternational Journal of Heart Failure
260 _aKorea, Republic of
260 _bKorean Society of Heart Failure
650 _a Diseases of the circulatory (Cardiovascular) system
650 _a Internal medicine
650 _a Specialties of internal medicine
650 _aMedicine
856 _uhttps://doaj.org/toc/5fd51f55ad2a4906acb79f9ba7268177
942 _2ddc
942 _cDOAJEJ
999 _c68328
_d68328
945 _a1
_bMadushi Gamage
_c1
_dMadushi Gamage